| 000 | 00800cab a2200229 4500 | ||
|---|---|---|---|
| 001 | ABS59151 | ||
| 008 | 090401t1998 xxu||||| |||| 00| 0 eng d | ||
| 035 | _a(Sirsi) u88012 | ||
| 041 | _aeng | ||
| 245 | _aWorking glass culture | ||
| 260 | _c1998 | ||
| 350 | _a0 | ||
| 490 |
_aArchitects` Journal _v208(4) 23 July 1998, 31-41(9) |
||
| 520 | _aReviews the National Glass Centre, the flagship building in Sunderland`s urban renewal programme. The building includes factory space, exhibition space, offices and workshops, and a restaurant and shop. Includes plans, working details and a cost analysis. | ||
| 650 | _aGLASS | ||
| 650 | _aMIXED USES | ||
| 650 | _aPUBLIC SPACE | ||
| 650 | _aURBAN RENEWAL | ||
| 690 | _aBUILDING AND CONSTRUCTION-PROJECTS | ||
| 942 | _n0 | ||
| 948 | _c14/08/1998 | ||
| 999 |
_c55569 _d55569 |
||